[Event "GER Seniors Derby 03rd"]
[Site "Undeloh"]
[Date "2004.04.16"]
[Round "2"]
[White "Lieber, Helmut"]
[Black "Busch, Arno"]
[Result "1-0"]
[WhiteElo "1884"]
[BlackElo "1643"]
[PlyCount "115"]
[EventDate "2004.04.15"]
[EventType "swiss"]
[EventRounds "7"]
[EventCountry "GER"]
[SourceTitle "EXT 2006"]
[Source "ChessBase"]
[SourceDate "2005.11.24"]
[SourceVersion "1"]
[SourceVersionDate "2005.11.24"]
[SourceQuality "1"]

1. d4 Nf6 2. Nc3 e6 3. e4 d6 4. Nf3 Be7 5. Bd3 b6 6. 0-0 Bb7 7. Bf4 c5 8. dxc5 bxc5 9. Qe2 Nc6 10. Rad1 Nh5 11. Be3 Nf6 12. e5 Ng4 13. exd6 Bxd6 14. Bb5 Nxe3 15. Qxe3 Qe7 16. Ne4 0-0-0 17. Nxc5 Ne5 18. Nxb7 Nxf3+ 19. Qxf3 Qxb7 20. Qe2 Qc7 21. g3 h5 22. Rd3 Kb8 23. Rb3 Bc5 24. Ba6+ Bb6 25. a4 Rd5 26. c4 Rc5 27. Rd1 Rd8 28. Rbd3 Rxd3 29. Rxd3 Rc6 30. Bb5 Rd6 31. Qd2 Rxd3 32. Qxd3 Qd8 33. Qxd8+ Bxd8 34. Be8 f6 35. Bxh5 a5 36. f4 Kc7 37. Kf2 Kd6 38. Ke3 Kc5 39. Kd3 Kb4 40. Bf7 e5 41. fxe5 fxe5 42. Ke4 Bc7 43. Kd5 Kxa4 44. c5 Kb5 45. Be8+ Ka6 46. Kc6 Bb8 47. Bg6 Ka7 48. Be4 Ka6 49. h4 a4 50. h5 Ba7 51. g4 Ka5 52. Kd6 Bb8+ 53. Ke6 Kb5 54. c6 Kc5 55. g5 Kd4 56. h6 gxh6 57. gxh6 Kxe4 58. h7 1-0